| Tag |
First Indicator |
Second Indicator |
Subfields |
| LEADER |
00000cgm a2200000 i 4500 |
| 001 |
in00004652521 |
| 006 |
m o c f |
| 007 |
cr m|a|||||||| |
| 007 |
vz|czazz| |
| 008 |
230217s2017 dcu004 fo vleng c |
| 005 |
20230615210008.9 |
| 035 |
|
|
|a (OCoLC)on1370348419
|
| 040 |
|
|
|a GPO
|b eng
|e rda
|e pn
|c GPO
|d GPO
|d MvI
|
| 042 |
|
|
|a pcc
|
| 043 |
|
|
|a n-us---
|
| 049 |
|
|
|a WWW
|
| 074 |
|
|
|a 0718-A (online)
|
| 086 |
0 |
|
|a J 28.2:L 41/2
|z J 28.2:LA 9
|
| 245 |
0 |
0 |
|a NIJ's Law Enforcement Advancing Data and Science (LEADS) Program - departing class.
|
| 246 |
3 |
|
|a National Institute of Justice's Law Enforcement Advancing Data and Science (LEADS) Program - departing class
|
| 264 |
|
1 |
|a Washington, D.C. :
|b Department of Justice, National Institute of Justice,
|c 2017.
|
| 300 |
|
|
|a 1 online resource (1 video file, 3 min., 38 sec.) :
|b sound, color.
|
| 336 |
|
|
|a two-dimensional moving image
|b tdi
|2 rdacontent
|
| 337 |
|
|
|a computer
|b c
|2 rdamedia
|
| 338 |
|
|
|a online resource
|b cr
|2 rdacarrier
|
| 347 |
|
|
|a video file
|2 rdaft
|
| 490 |
0 |
|
|a Law Enforcement Advancing Data and Science Program spotlight
|
| 500 |
|
|
|a Transcript available.
|
| 500 |
|
|
|a "June 13, 2017."
|
| 500 |
|
|
|a In scope of the U.S. Government Publishing Office Cataloging and Indexing Program (C&I) and Federal Depository Library Program (FDLP).
|
| 500 |
|
|
|a GPO Cataloging Record Distribution Program (CRDP).
|
| 511 |
0 |
|
|a Speakers: Edward Pallas, Gary Eblan, Jim MacGillis, Mark Landahl.
|
| 520 |
|
|
|a Discuss how NIJ's Law Enforcement Advancing Data and Science (LEADS) scholar program benefits professional development and provides the opportunity to network with academia and share research with other agencies to improve evidence-based policing. In addition, law officers discuss how the LEADs scholar program equips smaller agencies to improve community relations.
|
| 546 |
|
|
|a In English; closed-captioned.
|
| 588 |
|
|
|a Description based on online resource; title from NIJ website (NIJ website, viewed February 15, 2023).
|
| 610 |
2 |
0 |
|a Law Enforcement Advancing Data and Science Scholars Program (National Institute of Justice)
|
| 650 |
|
0 |
|a Police administration
|x Research
|z United States.
|
| 650 |
|
0 |
|a Police
|z United States.
|
| 650 |
|
0 |
|a Law enforcement
|z United States.
|
| 655 |
|
7 |
|a Internet videos.
|2 lcgft
|
| 655 |
|
7 |
|a Video recordings.
|2 lcgft
|
| 700 |
1 |
|
|a Pallas, Edward,
|e speaker.
|
| 710 |
2 |
|
|a National Institute of Justice (U.S.),
|e issuing body.
|
| 856 |
4 |
0 |
|u https://purl.fdlp.gov/GPO/gpo136693
|t 0
|
| 999 |
f |
f |
|s 6c27f0d0-f118-40b7-ba79-f367ac8ed0f5
|i bbcbe0b9-f419-4c06-b8f0-2c37d43afdb0
|t 0
|
| 952 |
f |
f |
|a Texas A&M University
|b College Station
|c Electronic Resources
|d Available Online
|t 0
|e J 28.2:LA 9
|h Superintendent of Documents classification
|
| 998 |
f |
f |
|a J 28.2:LA 9
|t 0
|l Available Online
|